00255nam a22000857a 4500008004100000082002200041245008100063260001700144300000800161230626b xxu||||| |||| 00| 0 eng d a337.036bMAA 2001 aCOMESAbImpact of PostApartheid Soth Africa on Regional Economic Integration bCOMESAc2001 a56p